Revision to Part F (Record no. 73388)

MARC details
000 -LEADER
fixed length control field 00849cam a2200193 4500
001 - CONTROL NUMBER
control field W3934-03
008 - FIXED-LENGTH DATA ELEMENTS--GENERAL INFORMATION
fixed length control field 030911n2003 000 0 eng u
035 ## - SYSTEM CONTROL NUMBER
System control number (Sirsi) u123556
245 ## - TITLE STATEMENT
Title Revision to Part F
260 ## - PUBLICATION, DISTRIBUTION, ETC.
Date of publication, distribution, etc. 2003
490 ## - SERIES STATEMENT
Series statement BRE News Release
Volume/sequential designation 4 September 2003, (1)
520 ## - SUMMARY, ETC.
Summary, etc. Building Regulations Part F which deals with the provision of ventilation to people in buildings is to be revised by the ODPM. The BRE has the contract to provide the necessary expert technical and administrative support to the ODPM Working Group responsible for the revision process. For the news release: http://www.bre.co.uk/news.jsp?id=158
590 ## - LOCAL NOTE (RLIN)
Local note WB
650 ## - SUBJECT ADDED ENTRY--TOPICAL TERM
Topical term or geographic name entry element BRE
650 ## - SUBJECT ADDED ENTRY--TOPICAL TERM
Topical term or geographic name entry element BUILDING REGULATIONS 1991 APPROVED DOCUMENT F (1992 EDITION)
650 ## - SUBJECT ADDED ENTRY--TOPICAL TERM
Topical term or geographic name entry element VENTILATION
690 ## - LOCAL SUBJECT ADDED ENTRY--TOPICAL TERM (OCLC, RLIN)
Topical term or geographic name as entry element BUILT ENVIRONMENT-BUILDING STANDARDS
942 ## - ADDED ENTRY ELEMENTS (KOHA)
Suppress in OPAC 0
Holdings
Withdrawn status Lost status Source of classification or shelving scheme Damaged status Not for loan Home library Current library Shelving location Date acquired Total Checkouts Full call number Barcode Date last seen Copy number Price effective from Koha item type
    Dewey Decimal Classification     London London News article 11/09/2003   WB3934-03 123556-1001 06/08/2019 1 06/08/2019 News article